Statistiche per Elenca la formazione - Finale UEFA Champions League 2008-2009

Clicka qui per fare il quiz!

Statistiche generali

  • Questo quiz è stato fatto 8 volte
  • Il punteggio medio è 19 su 22

Statistiche sulle risposte

RuoloNazioneCalciatore% Corretto
CentrocampistaSpagnaAndrés Iniesta
100%
AttaccantePortogalloCristiano Ronaldo
100%
PortierePaesi BassiEdwin van der Sar
100%
DifensoreSpagnaGerard Piqué
100%
AttaccanteArgentinaLionel Messi
100%
AttaccanteCamerunSamuel Eto'o
100%
AttaccanteFranciaThierry Henry
100%
PortiereSpagnaVíctor Valdés
100%
AttaccanteInghilterraWayne Rooney
100%
CentrocampistaSpagnaXavi
100%
DifensoreSpagnaCarles Puyol
88%
AttaccanteCorea del SudPark Ji-sung
88%
DifensoreInghilterraRio Ferdinand
88%
CentrocampistaGallesRyan Giggs
88%
CentrocampistaSpagnaSergio Busquets
88%
CentrocampistaInghilterraMichael Carrick
75%
DifensoreFranciaPatrice Evra
75%
DifensoreCosta d'AvorioYaya Touré
75%
CentrocampistaBrasilAnderson
63%
DifensoreIrlandaJohn O'Shea
50%
DifensoreInghilterraNemanja Vidić
38%
DifensoreBrasileSylvinho
38%

Distribuzione punteggi

Percentile per numero di risposta

Percentuale di utenti per punteggio

I tuoi punteggi nel tempo

Non hai fatto questo quiz